Global issues for global citizens : (Record no. 44900)
[ view plain ]
| 000 -LEADER | |
|---|---|
| fixed length control field | 01257cam a2200337 a 4500 |
| 001 - CONTROL NUMBER | |
| control field | 44900 |
| 003 - CONTROL NUMBER IDENTIFIER | |
| rucl marc code | BD-RjUL |
| 005 - DATE AND TIME OF LATEST TRANSACTION | |
| control field | 20211209053932.0 |
| 008 - FIXED-LENGTH DATA ELEMENTS--GENERAL INFORMATION | |
| fixed length control field | 160721s2006 dcua sb i001 0 eng d |
| 020 ## - INTERNATIONAL STANDARD BOOK NUMBER | |
| International Standard Book Number | 0821367315 |
| International Standard Book Number | 0821367323 (eISBN) |
| International Standard Book Number | 9780821367315 |
| 035 ## - SYSTEM CONTROL NUMBER | |
| System control number | BD-RjUL45018 |
| 040 ## - CATALOGING SOURCE | |
| Original cataloging agency | DLC |
| Transcribing agency | DLC |
| Modifying agency | BAKER |
| -- | C#P |
| -- | YDXCP |
| -- | DLC |
| -- | WaSeSS |
| -- | BD-RjUL |
| Language of cataloging | eng |
| 041 ## - LANGUAGE CODE | |
| Language code of text/sound track or separate title | eng |
| 082 00 - DEWEY DECIMAL CLASSIFICATION NUMBER | |
| Classification number | 337 |
| Edition number | 22 |
| Author mark and year | GLO 2006 |
| 245 00 - TITLE STATEMENT | |
| Title | Global issues for global citizens : |
| Remainder of title | an introduction to key development challenges / |
| Statement of responsibility, etc. | Vinay Bhargava, editor. |
| 260 ## - PUBLICATION, DISTRIBUTION, ETC. (IMPRINT) | |
| Place of publication, distribution, etc. | Washington, D.C. : |
| Name of publisher, distributor, etc. | World Bank, |
| Date of publication, distribution, etc. | c2006. |
| 300 ## - PHYSICAL DESCRIPTION | |
| Pagination | xxix, 456 p. : |
| Illustrations | ill. ; |
| Size | 22 cm. |
| 504 ## - BIBLIOGRAPHY, ETC. NOTE | |
| Bibliography, etc | Includes bibliographical references and index. |
| 506 ## - RESTRICTIONS ON ACCESS NOTE | |
| Terms governing access | License restrictions may limit access. |
| 650 #0 - SUBJECT ADDED ENTRY--TOPICAL TERM | |
| Topical term or geographic name as entry element | International economic relations. |
| 9 (RLIN) | 137579 |
| Topical term or geographic name as entry element | World health. |
| 9 (RLIN) | 137580 |
| Topical term or geographic name as entry element | Sustainable development. |
| 9 (RLIN) | 137581 |
| Topical term or geographic name as entry element | International organization. |
| 9 (RLIN) | 137582 |
| 700 1# - ADDED ENTRY--PERSONAL NAME | |
| Personal name | Bhargava, Vinay Kumar, editor |
| Dates associated with a name | 1945- |
| 773 #0 - HOST ITEM ENTRY | |
| Title | Open Knowledge Repository |
| 856 40 - ELECTRONIC LOCATION AND ACCESS | |
| Uniform Resource Identifier | <a href="http://www.columbia.edu/cgi-bin/cul/resolve?clio7691967">http://www.columbia.edu/cgi-bin/cul/resolve?clio7691967</a> |
| Public note | Full text available from Open Knowledge Repository |
| 942 ## - ADDED ENTRY ELEMENTS (KOHA) | |
| Source of classification or shelving scheme | Dewey Decimal Classification |
| Koha item type | Books |
| Lost status | Source of classification or shelving scheme | Damaged status | Not for loan | Collection code | Permanent Location | Current Location | Shelving location | Date acquired | Source of acquisition | Cost, normal purchase price | Total Checkouts | Full call number | Date last seen | Copy number | Koha item type |
|---|---|---|---|---|---|---|---|---|---|---|---|---|---|---|---|
| Dewey Decimal Classification | Not For Loan | Non-fiction | Central Library, University of Rajshahi | Central Library, University of Rajshahi | Reading Room | 04/02/2008 | Dhaka, MIDAS | 35.00 | 337 GLO 2006 | 21/07/2016 | C-1 | Books |